000 00332nam a2200133Ia 4500
008 240624s9999 xx 000 0 und d
041 _aeng
082 _a658.404 BAZ
100 _aBAZELEY PAT
245 _aNVIVO QUALITATIVE PROJECT BOOK
260 _c2007
_aLondon
_bSage
300 _aiv, : 199 : p. : cm. ; 24
365 _cGBP
_b38
999 _c24338
_d24338